| Tag |
First Indicator |
Second Indicator |
Subfields |
| LEADER |
00000cgm a2200000Mi 4500 |
| 001 |
in00005579521 |
| 006 |
m o c |
| 007 |
cr |n||||||||a |
| 007 |
vz |za|z| |
| 008 |
190906s2008 cc 052 e o vuchi d |
| 005 |
20241201233929.4 |
| 035 |
|
|
|a (OCoLC)on1122908677
|
| 040 |
|
|
|a ALSTP
|b eng
|e rda
|c ALSTP
|d OCLCO
|d OCLCF
|d OCL
|d OCLCO
|d OCLCL
|d OCLCQ
|d NUI
|
| 019 |
|
|
|a 1373410087
|a 1430876776
|a 1444018291
|
| 035 |
|
|
|a (OCoLC)1122908677
|z (OCoLC)1373410087
|z (OCoLC)1430876776
|z (OCoLC)1444018291
|
| 041 |
0 |
|
|a chi
|j eng
|
| 049 |
|
|
|a TXAM
|
| 245 |
0 |
0 |
|a 7 days of shock :
|b a chronicle of the Sichuan earthquake /
|c directors, Ji Ye [and others] ; producers, Zhu Wei-min [and others] ; executive producer, Liu Chang-le.
|
| 264 |
|
1 |
|a Hong Kong :
|b Phoenix Satellite Television Company Limited,
|c 2008.
|
| 300 |
|
|
|a 1 online resource (52 minutes)
|
| 306 |
|
|
|a 005107
|
| 336 |
|
|
|a two-dimensional moving image
|b tdi
|2 rdacontent
|
| 337 |
|
|
|a computer
|b c
|2 rdamedia
|
| 337 |
|
|
|a video
|b v
|2 rdamedia
|
| 338 |
|
|
|a online resource
|b cr
|2 rdacarrier
|
| 347 |
|
|
|a video file
|2 rda
|
| 490 |
0 |
|
|a Academic Video Online
|
| 500 |
|
|
|a Title from resource description page (viewed September 06, 2019).
|
| 520 |
|
|
|a Occurred at 2:28pm, on May 12th, the Sichuan Earthquake took the lives of ten thousands people, and hundred thousands more of lives were fading away as time passing. This day-by-day account reveals the human face of the tragedy and chronicles the rescue work against time in 180 hours after the disaster. As the quake struck, the epicentre, Yingxiu became a mountain of rubble overnight. Thousands of people, including many children have been trapped under ruins for days. However, the survivors did not leave their hometown, they chose to helped those in need regardless of personal danger. Not to mention the rescue corps who worked day and night just to save a single life, and the medical workers who took care of the injured ceaselessly for every survival miracle. "7 Days of Shock- A Chronicle of the Sichuan Earthquake" is a powerful and compelling account from the heart of this tragedy. Let us take you to see what life was like in those seven days.
|
| 546 |
|
|
|a In Chinese with English subtitles.
|
| 650 |
|
0 |
|a Wenchuan Earthquake, China, 2008.
|
| 650 |
|
0 |
|a Earthquakes
|z China
|z Sichuan Sheng.
|
| 650 |
|
0 |
|a Natural disasters
|z China
|z Sichuan Sheng.
|
| 650 |
|
6 |
|a Tremblement de terre de Wenchuan, Chine, 2008.
|
| 650 |
|
6 |
|a Tremblements de terre
|z Chine
|z Sichuan.
|
| 650 |
|
6 |
|a Catastrophes naturelles
|z Chine
|z Sichuan.
|
| 650 |
|
7 |
|a Earthquakes.
|2 fast
|0 (OCoLC)fst00900899
|
| 650 |
|
7 |
|a Natural disasters.
|2 fast
|0 (OCoLC)fst01033994
|
| 651 |
|
7 |
|a China.
|2 fast
|0 (OCoLC)fst01206073
|1 https://id.oclc.org/worldcat/entity/E39PBJcrd4RjtCBk4wfMhTwwG3
|
| 651 |
|
7 |
|a China
|z Sichuan Sheng.
|2 fast
|0 (OCoLC)fst01212127
|1 https://id.oclc.org/worldcat/entity/E39QbtfRxxjp4ypbYkr9BtBTQY
|
| 647 |
|
7 |
|a Wenchuan Earthquake
|c (China :
|d 2008)
|2 fast
|0 (OCoLC)fst01755646
|1 https://id.oclc.org/worldcat/entity/E39Qhp4vB9k8dkXrrHkC6QxVXm
|
| 648 |
|
7 |
|a 2008
|2 fast
|
| 655 |
|
7 |
|a Documentary television programs.
|2 fast
|0 (OCoLC)fst01710387
|
| 655 |
|
7 |
|a Documentary television programs.
|2 lcgft
|
| 655 |
|
7 |
|a Documentaires télévisés.
|2 rvmgf
|
| 700 |
1 |
|
|a Ji, Ye,
|e director.
|
| 700 |
1 |
|
|a Zhu, Weimin,
|e producer.
|
| 710 |
2 |
|
|a Phoenix Satellite Television Company Limited,
|e production company.
|
| 856 |
4 |
0 |
|u http://proxy.library.tamu.edu/login?url=https://www.aspresolver.com/aspresolver.asp?MARC;4167286
|z Connect to this streaming video (Alexander Street Press)
|t 0
|
| 955 |
|
|
|a Alexander Street Press subscription streaming video
|
| 994 |
|
|
|a 92
|b TXA
|
| 999 |
f |
f |
|s eeafdd88-58a8-494c-9edc-5335487a4b41
|i de8aa1b2-7340-458a-836f-674137e9b6d0
|t 0
|
| 952 |
f |
f |
|a Texas A&M University
|b College Station
|c Electronic Resources
|d Available Online
|t 0
|h Library of Congress classification
|
| 998 |
f |
f |
|t 0
|l Available Online
|